Personaggi famosi nati a Firenze - Statistics

Statistiche generali
  • Questo quiz è stato fatto 136 volte
  • Il punteggio medio è 11 su 25
Statistiche sulle risposte
con Immagini Risposta % Corretto
Dante Alighieri
99%
Carlo Conti
96%
Matteo Renzi
92%
Federico Chiesa
87%
Emma Marrone
85%
Piero Pelù
83%
Giorgio Panariello
76%
Marco Masini
73%
Niccolò Machiavelli
71%
Leonardo Pieraccioni
70%
Lorenzo de' Medici
43%
Filippo Brunelleschi
40%
Irene Grandi
39%
Oriana Fallaci
33%
Caterina de' Medici
25%
Sandro Botticelli
20%
Cosimo de' Medici
18%
Franco Zeffirelli
14%
Amerigo Vespucci
11%
Antonio Meucci
5%
Cimabue
4%
Neri Parenti
4%
Carlo Collodi
3%
Donatello
3%
San Filippo Neri
3%
Nessun quiz corrispondente trovato
Distribuzione punteggi
Percentuale di utenti per punteggio
Percentile per numero di risposta
I tuoi punteggi nel tempo
Non hai fatto questo quiz